Catálogo público

Cruzamiento en ganado vacuno de carne / compiladores Marvin Koger, Tony J. Cunha y Alvin C. Warnick (Record no. 216902)

MARC details
000 -CABECERA
campo de control de longitud fija 01051nam a2200277Ia 4500
001 - NÚMERO DE CONTROL
campo de control Z_3149
008 - DATOS DE LONGITUD FIJA--INFORMACIÓN GENERAL
campo de control de longitud fija 220601s9999 xx 000 0 und d
082 ## - NÚMERO DE LA CLASIFICACIÓN DECIMAL DEWEY
Número de clasificación 636.21308243 C78
245 ## - MENCIÓN DE TÍTULO
Título Cruzamiento en ganado vacuno de carne / compiladores Marvin Koger, Tony J. Cunha y Alvin C. Warnick
260 ## - PUBLICACIÓN, DISTRIBUCIÓN, ETC.
Lugar de publicación, distribución, etc. Uruguay : Hemisferio Sur
300 ## - DESCRIPCIÓN FÍSICA
Extensión 559 p.
440 ## - MENCIÓN DE SERIE/PUNTO DE ACCESO ADICIONAL--TÍTULO
Título Colección de textos de agronomía y veterinaria ; 20
9 (RLIN) 180188
500 ## - NOTA GENERAL
Nota general Traducción de la obra en inglés: Crossbreeding beef cattle. Series 2
503 ## - NOTA DE HISTORIA BIBLIOGRÁFICA (BK CF MU) [OBSOLETO]
Nota de historia bibliográfica ej.1: donación (septiembre 1980) \ ej.2: donación (agosto 1982)
504 ## - NOTA DE BIBLIOGRAFÍA, ETC.
Nota de bibliografía, etc. Incluye bibliografía
650 ## - PUNTO DE ACCESO ADICIONAL DE MATERIA--TÉRMINO DE MATERIA
Término de materia o nombre geográfico como elemento de entrada 1. Cruzamiento de ganado
650 ## - PUNTO DE ACCESO ADICIONAL DE MATERIA--TÉRMINO DE MATERIA
Término de materia o nombre geográfico como elemento de entrada Ganado de carne - Mejoramiento
650 ## - PUNTO DE ACCESO ADICIONAL DE MATERIA--TÉRMINO DE MATERIA
Término de materia o nombre geográfico como elemento de entrada Ganado de carne -- Cría
650 ## - PUNTO DE ACCESO ADICIONAL DE MATERIA--TÉRMINO DE MATERIA
Término de materia o nombre geográfico como elemento de entrada Genética animal
700 ## - PUNTO DE ACCESO ADICIONAL--NOMBRE DE PERSONA
Nombre de persona Koger, Marvin, comp. \ Cunha, Tony J., comp. \ Warnick, Alvin C., comp.Ì
9 (RLIN) 180190
901 ## - ELEMENTOS DE DATOS A LOCAL LDA (RLIN)
a 636.21308243 C78
902 ## - ELEMENTOS DE DATOS B LOCAL, LDB (RLIN)
a M
905 ## - ELEMENTOS DE DATOS E LOCAL, LDE (RLIN)
a 523227 1976 uy dmn 8222223322spa16
942 ## - ELEMENTOS DE PUNTO DE ACCESO ADICIONAL (KOHA)
Tipo de ítem Koha Libro_
Holdings
Estado de retiro Estado de pérdida Fuente del sistema de clasificación o colocación Estado dañado No para préstamo Código de colección Localización permanente Ubicación/localización actual Ubicación en estantería Fecha de adquisición Total de préstamos Código de barras Fecha visto por última vez Número de copia Precio válido a partir de Tipo de ítem Koha
    Dewey Decimal Classification     General Zootecnia Zootecnia   17/05/2018   z_7062 02/06/2022 2 02/06/2022 Libro
    Dewey Decimal Classification     General Zootecnia Zootecnia   09/11/2005   z_3570 02/06/2022 1 02/06/2022 Libro